Statistics for UK Postcodes

Click here to take the quiz!

General Stats

  • This quiz has been taken 441 times
  • The average score is 71 of 121

Answer Stats

Postcode areaPostcode area name% Correct
ABAberdeen
91%
BBirmingham
91%
EXExeter
86%
OXOxford
86%
BSBristol
85%
BNBrighton
84%
MManchester
84%
NNorth London
84%
GGlasgow
83%
LSLeeds
83%
CFCardiff
82%
EHEdinburgh
81%
IPIpswich
81%
LLiverpool
81%
BDBradford
80%
EEast London
80%
POPortsmouth
80%
CBCambridge
79%
CVCoventry
79%
NENewcastle upon Tyne
79%
LELeicester
77%
LULuton
77%
MKMilton Keynes
77%
NGNottingham
77%
PLPlymouth
77%
SOSouthampton
77%
WWest London
77%
BABath
76%
DEDerby
75%
GLGloucester
74%
HUHull
73%
RGReading
73%
YOYork
73%
NRNorwich
71%
BHBournemouth
70%
DDDundee
70%
IVInverness
69%
CHChester
68%
PEPeterborough
68%
SSheffield
68%
BBBlackburn
67%
LNLincoln
67%
GUGuildford
66%
TQTorquay
66%
BTBelfast
65%
COColchester
65%
SASwansea
65%
NNNorthampton
64%
SWSouth West London
64%
FYBlackpool
63%
CTCanterbury
63%
CACarlisle
63%
LALancaster
63%
NWNorth West London
63%
ALSt Albans
63%
DNDoncaster
62%
NPNewport
62%
CMChelmsford
61%
WVWolverhampton
61%
CRCroydon
60%
ENEnfield
60%
FKFalkirk
60%
HXHalifax
60%
HDHuddersfield
60%
OLOldham
60%
PRPreston
60%
SESouth East London
60%
SLSlough
59%
DHDurham
58%
STStoke-on-Trent
58%
HRHereford
55%
SRSunderland
55%
BLBolton
54%
DLDarlington
54%
HGHarrogate
54%
TRTruro
53%
WRWorcester
53%
UBSouthall
52%
SNSwindon
52%
DADartford
51%
WAWarrington
51%
SSSouthend-on-Sea
50%
TFTelford
48%
CWCrewe
47%
RMRomford
47%
WDWatford
47%
SKStockport
46%
TATaunton
46%
ECEast Central London
45%
TWTwickenham
45%
WFWakefield
45%
HAHarrow
44%
LLLlandudno
44%
PHPerth
44%
BRBromley
43%
WNWigan
42%
PAPaisley
41%
DYDudley
40%
KTKingston upon Thames
40%
MEMedway
40%
SYShrewsbury
40%
DGDumfries
39%
WCWest Central London
39%
SGStevenage
38%
HPHemel Hempstead
37%
SPSalisbury
36%
WSWalsall
36%
RHRedhill
35%
DTDorchester
34%
IGIlford
33%
TSTeesside
33%
MLMotherwell
31%
KYKirkcaldy
29%
TNTunbridge Wells
29%
KWKirkwall
28%
KAKilmarnock
25%
ZELerwick
25%
SMSutton
23%
HSHebrides
16%
LDLlandrindod Wells
16%
TDGalashiels
12%

Score Distribution

Percentile by Number Answered

Percent of People with Each Score

Your Score History

You have not taken this quiz